000 01158nam a22002897a 4500
005 20101011141328.0
008 100928t xxu||||| |||| 00| 0 hin d
010 _aHIN-92204
020 _c150.00
_a9788128827488
035 _aHN-64550
037 _bDBAD / PUB
040 _aDPL
_bHN
082 _a822
100 _922145
_aप्रकाश मनु
245 _aबाल एवं किशोरोपयोगी बाल नाटक /
_cप्रकाश मनु
246 _aBal evam Kisoropyogi bal natak
_bby Prakash Manu
260 _aनोएडा
_bवीणा प्रकाशन
_c2010
270 _aए-4, सेक्टर-17, अत्तेपीर
_bनोएडा (उ.प्र.)
_e201301
300 _a95पृ.
_c22सेमी (सजिल्द)
650 _91169
_aहिन्दी नाटक
650 _922409
_aHindi Play
700 _922273
700 _91253
700 _922352
942 _2ddc
_cHN
_h822
_mप्रकाश
999 _c51398
_d51398